Personal construct methodology (Record no. 81799)
[ view plain ]
| 000 -LEADER | |
|---|---|
| fixed length control field | 01135nam a2200217 a 4500 |
| 008 - FIXED-LENGTH DATA ELEMENTS--GENERAL INFORMATION | |
| fixed length control field | 211022s2012 ||||||||||||||||| || u |
| 020 ## - INTERNATIONAL STANDARD BOOK NUMBER | |
| International Standard Book Number | 9781119954163 |
| 050 ## - LIBRARY OF CONGRESS CALL NUMBER | |
| Classification number | BF 698.9 Per |
| 100 ## - MAIN ENTRY--PERSONAL NAME | |
| Personal name | Caputi, Peter |
| 245 10 - TITLE STATEMENT | |
| Title | Personal construct methodology |
| Statement of responsibility, etc | Edited by Peter Caputi; Linda L. Viney; Beverley M. Walker; Nadia Crittenden |
| 260 ## - PUBLICATION, DISTRIBUTION, ETC. (IMPRINT) | |
| Place of publication, distribution, etc | Malden, MA |
| Name of publisher, distributor, etc | Wiley-Blackwell |
| Date of publication, distribution, etc | 2012 |
| 300 ## - PHYSICAL DESCRIPTION | |
| Extent | xvi, 348 pages : illustrations |
| 650 ## - SUBJECT ADDED ENTRY--TOPICAL TERM | |
| Topical term or geographic name as entry element | PERSONAL CONSTRUCT THEORY |
| 650 #0 - SUBJECT ADDED ENTRY--TOPICAL TERM | |
| Topical term or geographic name as entry element | SOCIAL SCIENCES--STATISTICAL METHODS |
| 650 ## - SUBJECT ADDED ENTRY--TOPICAL TERM | |
| Topical term or geographic name as entry element | PSYCHOLOGY--CLINICAL PSYCHOLOGY |
| 700 ## - ADDED ENTRY--PERSONAL NAME | |
| Personal name | Viney, Linda L |
| 700 ## - ADDED ENTRY--PERSONAL NAME | |
| Personal name | Crittenden, Nadia |
| 995 ## - RECOMMENDATION 995 [LOCAL, UNIMARC FRANCE] | |
| -- | CBU-MAIN LIBRARY (Kitwe) |
| -- | 63.50 |
| -- | 2 |
| -- | AVAILABLE |
| -- | Oct 22, 2021 |
| -- | Main Library Open Access Collection |
| 995 ## - RECOMMENDATION 995 [LOCAL, UNIMARC FRANCE] | |
| -- | CBU-MAIN LIBRARY (Kitwe) |
| -- | 63.50 |
| -- | 3 |
| -- | AVAILABLE |
| -- | Oct 22, 2021 |
| -- | Main Library Open Access Collection |
| 995 ## - RECOMMENDATION 995 [LOCAL, UNIMARC FRANCE] | |
| -- | CBU-MAIN LIBRARY (Kitwe) |
| -- | 63.50 |
| -- | 1 |
| -- | AVAILABLE |
| -- | Oct 22, 2021 |
| -- | Main Library Open Access Collection |
| Withdrawn status | Lost status | Source of classification or shelving scheme | Damaged status | Not for loan | Permanent Location | Current Location | Shelving location | Date acquired | Total Checkouts | Full call number | Barcode | Date last seen | Copy number | Price effective from | Koha item type |
|---|---|---|---|---|---|---|---|---|---|---|---|---|---|---|---|
| CBU-MAIN LIBRARY, KITWE. | CBU-MAIN LIBRARY, KITWE. | 09/05/2023 | BF 698.9 Per | 751224 | 09/05/2023 | 1 | 09/05/2023 | MONOGRAPH | |||||||
| CBU-MAIN LIBRARY, KITWE. | CBU-MAIN LIBRARY, KITWE. | 09/05/2023 | BF 698.9 Per | 751225 | 09/05/2023 | 2 | 09/05/2023 | MONOGRAPH |